000 00376 a2200169 4500
001 184190
020 _a85-08-09144-7
040 _cMagnum
100 _aChild, Lauren
240 1 0 _aTipo assim, clarice bean
_lpor
245 1 0 _aTipo assim, clarice bean
300 _a192
362 0 _a2004
440 1 _aÁtica
697 _aLITERATURA JUVENIL ESTRANGEIRA
942 _cBK
999 _c184190
_d184190